| 000 | | | 05694cbc2a2200253#x 450 |
| 001 | | | 25e007d2-01a1-4e33-93e2-64b869fe3136 |
| 005 | | | 20241112132522.0 |
| 100 | ## | $a | 20230504l18591871k l0rusy0189 ca |
| 101 | 0# | $a | rus |
| | $a | fre |
| 102 | ## | $a | RU |
| 105 | ## | $a | a### |
| 122 | 2# | $a | d18590921## |
| | $a | d187111#### |
| 200 | 1# | $a | Письма графа Александра Дмитриевича Шереметева, сына, своему отцу графу Дмитрию Николаевичу Шереметеву |
| | $j | 21 сентября 1859 г. - ноябрь 1871 г. |
| 215 | ## | $a | 64 листа |
| | $c | рис. |
| | $d | 37х25,5 см |
| 251 | ## | $c | Дело |
| 300 | ## | $a | На русском и французском языках |
| 371 | ## | $a | Документ не является опубликованным и широко распространяемым |
| 461 | #0 | $1 | 00198b93a77-94f0-46bb-a7e0-b5027cc72a67 |
| | $1 | 2001 |
| | $a | Шереметевы, графы |
| | $1 | 251 |
| | $c | Фонд |
| | $1 | 852 |
| | $j | 1088 |
| 462 | #0 | $1 | 001d3ce280e-361b-49f4-86d2-e1a120f828b4 |
| | $1 | 2001 |
| | $a | Личные документы, переписка и документы, связанные со служебной и общественной деятельностью графов Бориса Петровича, Петра Борисовича, Николая Петровича и Дмитрия Шереметевых |
| | $v | Д. 597 |
| | $1 | 251 |
| | $c | Опись |
| | $1 | 852 |
| | $j | 1 |
| 801 | #0 | $a | RU |
| | $b | РГИА |
| | $c | 20230504 |
| 801 | #1 | $a | RU |
| | $b | ГлавНИВЦ |
| | $c | 20230504 |
| | $2 | rusmarc |
| 801 | #2 | $a | RU |
| | $b | ПБ им. Б.Н. Ельцина |
| | $c | 20230908 |
| | $g | RCR |
| | $2 | rusmarc |
| 850 | ## | $a | Федеральное казенное учреждение "Российский государственный исторический архив" |
| 852 | ## | $a | РГИА |
| | $j | 597 |
| 937 | ## | $h | РГИА |
| | $d | 12399607 |
| | $a | ASBIBLIO_SCAN |
| 035 | ## | $a | RusGRCC00060104 |
| 856 | ## | $u | http://readingroom.main.prlib.ru/item.aspx?id_node=n187423462&mode=full |
| 330 | ## | $a | Граф Дмитрий Николаевич Шереметев и его семья. Переписка. Письма разных лиц Д. Н. Шереметеву |
| 600 | #1 | $2 | nlr_sh |
| | $3 | RU\NLR\AUTH\661568947 |
| | $a | Шереметев |
| | $b | А.Д. |
| | $f | 1859 - 1931 |
| | $g | Александр Дмитриевич |
| | $j | Архивные дела |
| 600 | #1 | $2 | prlib_sh |
| | $3 | LIBNET\UAF\0000107751 |
| | $a | Шереметев |
| | $b | Д. Н. |
| | $f | 1803-1871 |
| | $g | Дмитрий Николаевич |
| | $j | Архивные дела |
| 602 | ## | $2 | nlr_sh |
| | $3 | RU\NLR\AUTH\66239477 |
| | $a | Шереметевы (род) |
| | $j | Архивные дела |
| 605 | ## | $2 | acquisition_Prlib |
| | $3 | DITM\AF\0000003834 |
| | $a | Народ |
| | $l | коллекция |
| 605 | ## | $2 | acquisition_Prlib |
| | $3 | DITM\AF\0000004166 |
| | $a | Россия в лицах |
| | $l | коллекция |
| 686 | ## | $2 | rubbk |
| | $a | 63.3(2)52-8ю1 |
| | $v | LBC/M |
| 686 | ## | $2 | rubbk |
| | $a | 63.214(2)ю1 |
| | $v | LBC/M |